000 007170000a22002050004500
001 002695
003 OSt
005 20120302165701.0
008 110511t xxu||||| |||| 00| 0 eng d
022 _a16844874
040 _aAPKN
082 _a348.042 EAS
245 _aThe East Africa law reports 2004 Vol.2 /
260 _bLaw Africa
_cc2005
650 _acases
_aEast Africa
_alaws
_areports
_93934
653 _aLaw
942 _cLRT
_2ddc
999 _c1793
_d1793